000 01315nam0a22003011 4500
001 rc\3027260
005 20250806201542.0
035 _a(NLR Aleph) 007168450
090 _a43531
_c43531
100 _a20110929d1945 u y0rusy50 ca
101 0 _arus
102 _aRU
105 _ac z |||||
200 1 _aПобеждать в труде не числом, а умением
_e[О работе молодежных бригад моск. артели "Металлопрома"]
_fУпр. промысл. кооперации при СНК РСФСР
210 _aМосква
_cКОИЗ
_d1945
_gТип. им. Ворошилова
215 _a24 с.
_cпортр.
_d21 см
300 _aНа 4-й с. указаны составители: бригадиры молодежных бригад Мещерякова, Аверина, Возненко и др.
702 1 _aМещерякова
_bМ.
_gМария
_4220
702 1 _aАверина
_4220
702 1 _aВозненко
_4220
712 0 1 _aРСФСР
_bУправление промысловой кооперации
_4570
801 0 _aRU
_bNLR
_gpsbo
801 1 _aRU
_bELAR
_2rusmarc
852 _aNLR
_jЭк80 Г-4/66
942 _cBOOK
945 _aРоссийская национальная библиотека
980 _aNB
980 _aBV